000 00424cam a2200169ua 4500
020 _c1.00
041 _amal
_h
082 _a894.8121
_bSAN/CH
100 _aSankarakurup, .
245 _aChemkathirukal /
_cSankarakurup.
_hTextual Documents
260 _aKottayam :
_bSahitya Pravarthaka Co-operative Society ,
_c1945.
300 _a59 ; .
365 _a1.00
504 _a
942 _cBK
999 _c1210
_d1210